|
|
|
|
| LEADER |
02705nam a22004335i 4500 |
| 001 |
978-3-642-12073-2 |
| 003 |
DE-He213 |
| 005 |
20151030091519.0 |
| 007 |
cr nn 008mamaa |
| 008 |
100702s2010 gw | s |||| 0|eng d |
| 020 |
|
|
|a 9783642120732
|9 978-3-642-12073-2
|
| 024 |
7 |
|
|a 10.1007/978-3-642-12073-2
|2 doi
|
| 040 |
|
|
|d GrThAP
|
| 050 |
|
4 |
|a QD410-412.5
|
| 072 |
|
7 |
|a PNND
|2 bicssc
|
| 072 |
|
7 |
|a SCI013040
|2 bisacsh
|
| 082 |
0 |
4 |
|a 547.05
|2 23
|
| 245 |
1 |
0 |
|a C-X Bond Formation
|h [electronic resource] /
|c edited by Arkadi Vigalok.
|
| 264 |
|
1 |
|a Berlin, Heidelberg :
|b Springer Berlin Heidelberg :
|b Imprint: Springer,
|c 2010.
|
| 300 |
|
|
|a XI, 187 p. 30 illus.
|b online resource.
|
| 336 |
|
|
|a text
|b txt
|2 rdacontent
|
| 337 |
|
|
|a computer
|b c
|2 rdamedia
|
| 338 |
|
|
|a online resource
|b cr
|2 rdacarrier
|
| 347 |
|
|
|a text file
|b PDF
|2 rda
|
| 490 |
1 |
|
|a Topics in Organometallic Chemistry,
|x 1436-6002 ;
|v 31
|
| 505 |
0 |
|
|a Transition Metal Catalyzed Electrophilic Halogenation of C–H Bonds in Alpha-Position to Carbonyl Groups -- Late Transition Metal-Mediated Formation of Carbon–Halogen Bonds -- Organometallic Approaches to Carbon–Sulfur Bond Formation -- Recent Advances in Metal-Catalyzed C–P Bond Formation -- C–O Reductive Elimination from High Valent Pt and Pd Centers -- Recent Developments in Metal-Catalyzed Additions of Oxygen Nucleophiles to Alkenes and Alkynes -- Catalytic C–N, C–O, and C–S Bond Formation Promoted by Organoactinide Complexes.
|
| 520 |
|
|
|a Kilian Muñiz: Transition Metal Catalyzed Electrophilic Halogenation of C-H bonds in alpha-Position to Carbonyl Groups; Arkadi Vigalok and Ariela W Kaspi: Late Transition Metal-Mediated Formation of Carbon-Halogen Bonds; Paul Bichler and Jennifer A. Love: Organometallic Approaches to Carbon-Sulfur Bond Formation; David S. Glueck: Recent Advances in Metal-Catalyzed C-P Bond Formation; Andrei N. Vedernikov: C-O Reductive Elimination from High Valent Pt and Pd Centers; Lukas Hintermann: Recent Developments in Metal-Catalyzed Additions of Oxygen Nucleophiles to Alkenes and Alkynes; Moris S. Eisen: Catalytic C-N, C-O and C-S bond formation promoted by organoactinide complexes.
|
| 650 |
|
0 |
|a Chemistry.
|
| 650 |
|
0 |
|a Organometallic chemistry.
|
| 650 |
1 |
4 |
|a Chemistry.
|
| 650 |
2 |
4 |
|a Organometallic Chemistry.
|
| 700 |
1 |
|
|a Vigalok, Arkadi.
|e editor.
|
| 710 |
2 |
|
|a SpringerLink (Online service)
|
| 773 |
0 |
|
|t Springer eBooks
|
| 776 |
0 |
8 |
|i Printed edition:
|z 9783642120725
|
| 830 |
|
0 |
|a Topics in Organometallic Chemistry,
|x 1436-6002 ;
|v 31
|
| 856 |
4 |
0 |
|u http://dx.doi.org/10.1007/978-3-642-12073-2
|z Full Text via HEAL-Link
|
| 912 |
|
|
|a ZDB-2-CMS
|
| 950 |
|
|
|a Chemistry and Materials Science (Springer-11644)
|